Drafting a conservation blueprint : a practitioners guide to planning for biodiversity

Αποθηκεύτηκε σε:
Λεπτομέρειες βιβλιογραφικής εγγραφής
Κύριος συγγραφέας: Groves, Craig
Άλλοι συγγραφείς: Hunter, Malcolm L. (Συγγραφέας εισαγωγής κ.λπ.)
Μορφή: Βιβλίο
Γλώσσα:English
Δημοσίευση: Washington : Island Press, c2003
Θέματα:
Ετικέτες: Προσθήκη ετικέτας
Δεν υπάρχουν, Καταχωρήστε ετικέτα πρώτοι!

MARC

LEADER 00000nam a2200000 i 4500
001 1/90956
008 080714s2003 eng d
020 |a 1-55963-938-5 (hbk.) 
035 |l 10098929 
040 |a GR-MY-UA  |b gre  |e aacr 
041 0 |a eng 
082 0 |a 333.9516  |2 (22) 
100 1 |a Groves, Craig. 
245 1 0 |a Drafting a conservation blueprint :  |b a practitioners guide to planning for biodiversity /  |c Craig R. Groves ; contributors, Michael W. Beck, Jonathan V. Higgins, and Earl C. Saxon ; foreword by Malcolm L. Hunter, Jr. 
260 |a Washington :   |b Island Press,   |c c2003 
300 |a xxi, 457 σ.;  |b εικ., χάρτες (μερ. έγχρ.);  |c 24 εκ. 
504 |a Περιέχει βιβλιογραφικές παραπομπές και ευρετήριο 
650 0 0 |a Biodiversity conservation. 
700 1 |a Beck, Michael W.  |4 asn 
700 1 |a Higgins, Jonathan V.  |4 asn 
700 0 |a Saxon, Earl C.  |4 asn 
700 1 |a Hunter, Malcolm L.  |4 aui 
852 |a INST  |b LESVOS  |e 20080714  |h 333.9516 GRO  |p 005100041759  |q 005100041759  |t BK  |y 0 
901 |a BIBL1-2008-2 
909 |a Λ  |b 143874 
922 |a 1ΕΛΗ  |b 200801  |c ΕΠΕΑΕΚ2/ΤΓ  |d ΠΑΠΑΣΩΤΗΡΙΟΥ 
970 |a ΚΑΡΑ  |b ΓΙΑΣΕΜΗ  |z 2008/07/14